000 00657nam a22001817a 4500
008 150527b xxu||||| |||| 00| 0 eng d
041 0 _aeng
080 _a658
100 1 _aGeorge, Michael L.
245 1 0 _aConquering complexity in your business :
_cMichael L. George, Stephen A. Wilson.
260 _aNew York :
_bMcGraw-Hill,
_cc2004.
300 _a336 p. :
_bMe il.:
_c24 cm.
500 _aPreface : f: [XI-XVI]
505 _aIndex: f: [331-336]
650 0 _aMenagjment
700 1 _aWilson, Stephen A.
_d1969-
_q(Stephen Anthony),
942 _2udc
_cBK
999 _c906
_d906